000 005500000a22001930004500
090 _aAR
_b03654
245 1 0 _aTransgenic varieties and landraces of maize in Mexico
500 _a<Colección Recursos Genéticos>
650 1 4 _aOrganismos geneticamente modificados
_995674
650 1 4 _aAgricultura
_9304
650 1 4 _aBiotecnología
_992825
650 1 4 _aCitogenética
_915968
651 4 _pMéxico
_992749
653 _vmaíz
041 0 _aInglés
100 1 _aKato Y., T. Angel
_997383
942 _cARTICULO
773 1 _tPreprint
_q1-7
_d[2003?]
999 _c12702
_d12702